Globalization prospects and problems
Guardat en:
| Autor principal: | |
|---|---|
| Format: | Llibre |
| Idioma: | anglès |
| Publicat: |
SAGE
2014
|
| Etiquetes: |
Afegir etiqueta
Sense etiquetes, Sigues el primer a etiquetar aquest registre!
|
MARC
| LEADER | 00000nam a22000007a 4500 | ||
|---|---|---|---|
| 008 | 201214b ||||| |||| 00| 0 eng d | ||
| 020 | |a 978-1-4129-8797-4 | ||
| 100 | |a CHIRICO, JoAnn | ||
| 245 | |a Globalization |b prospects and problems |c JoAnn Chirico |g 537p.; ill | ||
| 260 | |b SAGE |c 2014 |h Los Angeles |i 692080 |l 692081 |m Globalization – Textbooks | ||
| 500 | |a “It includes bibliographical references and index”. | ||
| 942 | |a lcc |c BK |e O.A.JOHNSON |f 14/12/20 | ||
| 999 | |c 199 |d 199 | ||